000
00475nam a2200145Ia 4500
008
100122s9999 xx 000 0 und d
082
_b
46365
_a
294.5925
100
_a
ओशो
245
_a
अष्टावक्र गीता
260
_b
जीवन जागृती केंद्र प्रकाशन
_c
1991
300
_a
380
630
_a
अष्टावक्र गीता
730
_a
अष्टावक्र गीता
942
_c
BOOK
999
_c
425550
_d
425547